Pazharasathottam/ (Record no. 68965)

000 -LEADER
fixed length control field 00366nam a22001577a 4500
020 ## - INTERNATIONAL STANDARD BOOK NUMBER
ISBN 9788126475810
082 ## - DEWEY DECIMAL CLASSIFICATION NUMBER
Classification number M301
Item number IND/P
100 ## - MAIN ENTRY--AUTHOR NAME
Personal name Indu Menon
245 ## - TITLE STATEMENT
Title Pazharasathottam/
Statement of responsibility, etc by Indu Menon
260 ## - PUBLICATION, DISTRIBUTION, ETC. (IMPRINT)
Place of publication Kottayam:
Name of publisher DC,
Year of publication 2017.
300 ## - PHYSICAL DESCRIPTION
Number of Pages 184p.
650 ## - SUBJECT ADDED ENTRY--TOPICAL TERM
Topical Term Stories Malayalam
650 ## - SUBJECT ADDED ENTRY--TOPICAL TERM
Topical Term Literature Malayalam
650 ## - SUBJECT ADDED ENTRY--TOPICAL TERM
Topical Term Literature
942 ## - ADDED ENTRY ELEMENTS (KOHA)
Koha item type Book
Holdings
Withdrawn status Lost status Damaged status Not for loan Permanent Location Current Location Shelving location Date acquired Cost, normal purchase price Full call number Accession Number Price effective from Koha item type
        Sree Sankaracharya University of Sanskrit Sree Sankaracharya University of Sanskrit Stacks 28.11.2017 180.00 M301 IND/P 086255 28.11.2017 Book